000 00815nam a22002417a 4500
003 UA-OsUOA
001 47411
007 ta
008 20120613b un ||||| |||| 00| 0 ukr d
100 _aІванова Р.П.
090 _a929 / 94 (477).05
_bИ99
942 _cBK
040 _aUA-OsUOA
_bukr
_cUA-OsUOA
_dUA-OsUOA
245 _aМихайло Драгоманов у суспільно-політичному русі Росії та України (ІІ половина ХІХ ст.)
300 _a234 с.
955 _a1
041 _aukr
080 _a929 / 94 (477).05
260 _aК.
_c1971
650 7 _a9 Географія. Біографії. Історія
_2UDC
999 _c427521
_d427521